00000000cam 2200000zi 4500
0019.949789
003CaOODSP
00520260603153235
006m     o  d f      
007cr mn|||||||||
008250403t20252025onc     ob   f000 0 fre d
020 |a9780660768182
040 |aCaOODSP|bfre|erda|cCaOODSP
043 |an-cn---
0861 |aBT48-56/2025F-PDF
24500|aLigne directrice du gouvernement du Canada (GC) sur l'authentification multifactorielle (AMF) : |brecommandations techniques relatives aux authentifiants utilisés pour l’AMF dans le domaine opérationnel du GC.
264 1|aOttawa, Ontario : |bSecrétariat du Conseil du trésor du Canada = Treasury Board of Canada Secretariat, |c2025.
264 4|c©2025
300 |a1 ressource en ligne (122 pages)
336 |atexte|btxt|2rdacontent/fre
337 |ainformatique|bc|2rdamedia/fre
338 |aressource en ligne|bcr|2rdacarrier/fre
500 |aPublié aussi en anglais sous le titre : Government of Canada (GC) guideline on multi-factor authentication (MFA) : technical recommendations for authenticators to support MFA within the GC enterprise domain.
500 |a« Publié : le 2025-05-23. »
504 |aComprend des références bibliographiques.
650 6|aOrdinateurs|xAccès|xContrôle|xPolitique gouvernementale|zCanada.
650 6|aRéseaux d'ordinateurs|xAccès|xContrôle|xPolitique gouvernementale|zCanada.
7101 |aCanada. |bConseil du trésor, |eorganisme de publication.
77508|tGovernment of Canada (GC) guideline on multi-factor authentication (MFA) : |w(CaOODSP)9.949788
85640|qPDF|s3.44 Mo|uhttps://publications.gc.ca/collections/collection_2026/sct-tbs/BT48-56-2025-fra.pdf
8564 |qHTML|sS.O.|uhttps://www.canada.ca/fr/gouvernement/systeme/gouvernement-numerique/lignes-directrices-authentification-multifactorielle.html